| 000 | 00414nam a2200169 a 4500 | ||
|---|---|---|---|
| 001 | 0069 | ||
| 005 | 20140414131908.0 | ||
| 008 | 040111s19uu xx 00 eng d | ||
| 020 | _a0-7214-4369-9 | ||
| 050 |
_aER _bAr4 1995 |
||
| 245 | 0 | _aAristocats (The). | |
| 260 |
_aU.K : _bLadybird, _c1995. |
||
| 300 | _a1 v. p. : ill. ; cm. | ||
| 650 |
_aCats _xFiction. |
||
| 650 | _aChildren stories. | ||
| 999 |
_c111067 _d111067 |
||